| 000 | 01632cab a2200265 4500 | ||
|---|---|---|---|
| 001 | E2265 | ||
| 008 | 090401t1995 xxu||||| |||| 00| 0 eng d | ||
| 035 | _a(Sirsi) u38499 | ||
| 041 | _aeng | ||
| 245 | _aCity of Aberdeen District Council v Emslie & Simpson Ltd | ||
| 260 | _c1995 | ||
| 350 | _a0 | ||
| 490 |
_aScottish Civil Law Reports _v1995 SCLR 317-324 |
||
| 520 | _aCourt of Session. Inner House (First Division). Lord President (Hope), Lord Morison and Lord Weir. 24 January 1995. Lands Tribunal for Scotland - compulsory purchase compensation claim - Tribunal making award of expenses to claimants - appeal against that decision - advance payment of compensation exceeding compensation award - award falling far short of claim - neither advance payment nor difference between claim and award relevant to question of award of expenses - major consideration bearing on expenses that award substantially exceeded compensation offered - no error of law on part of Tribunal - Land Compensation (Scotland) Act 1963 (c.51), ss.8,11 - Land Compensation (Scotland) Act 1973 (c.56), s.48 - Lands Tribunal for Scotland Rules 1971 (S.I. 1971/218), rule 33(1). | ||
| 650 | _aABDERDEEN DC V EMSLIE AND SIMPSON | ||
| 650 |
_aCompulsory purchase _96228 |
||
| 650 | _aDISTURBANCE PAYMENTS | ||
| 650 | _aLAND COMPENSATION (SCOTLAND) ACT 1963 | ||
| 650 | _aLAND COMPENSATION (SCOTLAND) ACT 1973 | ||
| 650 | _aLANDS TRIBUNAL FOR SCOTLAND | ||
| 650 | _aLANDS TRIBUNAL RULES 1971 | ||
| 690 | _aENVIRONMENTAL AND LAND CONSULTANCY-PLANNING AND DEVELOPMENT-COMPULSORY PURCHASE AND COMPENSATION | ||
| 942 | _n0 | ||
| 948 | _c04/03/1997 | ||
| 999 |
_c24744 _d24744 |
||